000 00352nam a2200133Ia 4500
008 151001s9999||||xx |||||||||||||| ||und||
100 _aमंदाकिनी आष्टीकर
245 _aबहरला वृक्ष
250 _a1
260 _bनिशिगंधा
260 _c2005
300 _a240
365 _b18
999 _c984889
_d984886